| 000 | 00567nam a2200205 a 4500 | ||
|---|---|---|---|
| 001 | 000034537 | ||
| 005 | 20200930073744.0 | ||
| 008 | 111006s1979 sp 000 0 spa d | ||
| 020 | _a8423307875 | ||
| 040 |
_aDO-SdBNP _bspa _cBNPHU |
||
| 082 |
_axxxx _bL167, 1979 |
||
| 100 | 1 |
_aLaforet, Carmen, _d1921- _959973 |
|
| 245 | 1 | 0 |
_aNada / _cCarmen Laforet. |
| 250 | _a25a ed. | ||
| 260 |
_aBarcelona : _bEdiciones Destino, _c1979. |
||
| 490 | 1 |
_aAncora y delfín _v27 |
|
| 586 | _aPremio Eugenio Nadal 1944. | ||
| 830 | 0 |
_aAncora y delfín _v27 _919431 |
|
| 049 | _aBNPD | ||
| 999 |
_c34028 _d34028 |
||